Geography Quiz

Random Geography or World Quiz

Countries with 'AU' Quiz Stats

 Plays Quiz Updated Dec 31, 2017

Also try: 'MB' Countries
Challenge
Share
Tweet
Embed
Score 0/8 Timer 02:00
3 Plays Today
% Correct
Australia
95.9%
Austria
94.1%
Palau
58.9%
Nauru
53.7%
Mauritania
47.1%
Mauritius
45.6%
Saudi Arabia
38.2%
Guinea-Bissau
37.7%

You're not logged in!

Compare scores with friends on all Sporcle quizzes.
OR
Log In

You Might Also Like...

Show Comments

Extras

Top Quizzes Today


Score Distribution

Your Account Isn't Verified!

In order to create a playlist on Sporcle, you need to verify the email address you used during registration. Go to your Sporcle Settings to finish the process.

Report this User

Report this user for behavior that violates our Community Guidelines.

Details: